000 00506nam a22001817a 4500
003 NUST - PNEC
005 20170116180748.0
008 150227b xxu||||| |||| 00| 0 eng d
020 _a-
040 _cLIBRARY
082 _a327 CHA
100 _91537
_aMuhammad Ahsen Chaudhri
245 _aPakistan and Regional Securty
_cChaudhri Ahsen Muhammad
260 _aPakistan
_bFakhir Printing Press Kararchi
_c-
300 _a146 p. :
650 _91540
_aInternational regional
_xGeneral
942 _2ddc
_cBK
999 _c62454
_d62454